LEADER 02471nam 22006014a 450 001 9910456582703321 005 20200520144314.0 010 $a1-282-44115-9 010 $a9786612441158 010 $a981-283-380-3 035 $a(CKB)2550000000002826 035 $a(EBL)477276 035 $a(OCoLC)608624665 035 $a(SSID)ssj0000342481 035 $a(PQKBManifestationID)11231034 035 $a(PQKBTitleCode)TC0000342481 035 $a(PQKBWorkID)10285017 035 $a(PQKB)11507249 035 $a(MiAaPQ)EBC477276 035 $a(WSP)00000456 035 $a(PPN)159210526 035 $a(Au-PeEL)EBL477276 035 $a(CaPaEBR)ebr10361491 035 $a(CaONFJC)MIL244115 035 $a(EXLCZ)992550000000002826 100 $a20080806d2009 uy 0 101 0 $aeng 135 $aur|n|---||||| 181 $ctxt 182 $cc 183 $acr 200 00$aRNA viruses$b[electronic resource] $ehost gene responses to infections /$fedited by Decheng Yang 210 $aHackensack, NJ $cWorld Scientific$dc2009 215 $a1 online resource (722 p.) 300 $aDescription based upon print version of record. 311 $a981-283-379-X 320 $aIncludes bibliographical references and index. 327 $aContents; Contributors; Preface; Section I Retrovirus; Section II Negative Single-Stranded RNA Virus; Section III Positive Single-Stranded RNA Virus; Section IV Double-Stranded RNA Virus; Index 330 $aThis is the first comprehensive book on human/animal gene responses to RNA viral infections, including prevalent, emerging and re-emerging RNA viruses such as HIV, SARS-CoV, West Nile virus, influenza virus and many others. Human gene responses are reviewed by leading virologists worldwide in the following aspects: (i) the altered gene expression profiles at the transcriptional and translational levels detected with cutting-edge technologies such as cDNA microarray and proteomics; (ii) host innate and adapted immune responses to viral replication in target organs; (iii) virus-activated signal 606 $aRNA viruses 606 $aViral genetics 608 $aElectronic books. 615 0$aRNA viruses. 615 0$aViral genetics. 676 $a579.2/5 701 $aYang$b Decheng$0986312 801 0$bMiAaPQ 801 1$bMiAaPQ 801 2$bMiAaPQ 906 $aBOOK 912 $a9910456582703321 996 $aRNA viruses$92254249 997 $aUNINA LEADER 02815 am 2200541 n 450 001 9910495683003321 005 20231012131951.0 010 $a2-39029-093-0 035 $a(CKB)4100000011260107 035 $a(FrMaCLE)OB-pun-5908 035 $a(PPN)244860173 035 $a(EXLCZ)994100000011260107 100 $a20200526j|||||||| ||| 0 101 0 $afre 135 $auu||||||m|||| 200 03$aLa psychologie du combattant et le respect du droit des conflits armés$eÉtude des facteurs pouvant influencer le comportement du combattant au regard du droit international humanitaire$fRobert Remacle, Pauline Warnotte 210 $aNamur$cPresses universitaires de Namur$d2020 215 $a1 online resource (210 p.) 311 $a2-87037-990-0 330 $aCet essai s?adresse à toute personne, civile ou militaire, désirant comprendre les circonstances entourant la commission des crimes de guerre. Il décrit le cadre général dans lequel le combattant évolue durant un conflit armé et décortique les facteurs pouvant le pousser à commettre ou non l?irréparable. Si la guerre est brutale et criminogène, des causes internes et externes au combattant influencent en effet son comportement. Un bref aperçu historique des violations les plus graves du droit des conflits armés éclairera ainsi le lecteur sur leur dure réalité. Qui sont ces combattants ? Des hommes ordinaires ? À quelle discipline sont-ils soumis ? L?obéissance aux ordres connaît-elle des limites ? Quels sont les principaux facteurs fauteurs de crimes de guerre ? Jugement ou impunité ? Comment ont été sanctionnés les crimes de guerre et les crimes contre l?humanité dès la seconde moitié du xxe siècle ? Quelle est l?origine des principaux tribunaux pénaux internationaux et ont-ils un avenir ? Autant de questions auxquelles le présent ouvrage tente d?apporter des réponses claires et pragmatiques. 606 $aLaw 606 $aCriminology & Penology 606 $aarmée 606 $acombattant 606 $adroit international 606 $ahumanitarisme 606 $acrime de guerre 606 $aconflit armé 606 $aguerre 606 $ajugement 615 4$aLaw 615 4$aCriminology & Penology 615 4$aarmée 615 4$acombattant 615 4$adroit international 615 4$ahumanitarisme 615 4$acrime de guerre 615 4$aconflit armé 615 4$aguerre 615 4$ajugement 700 $aRemacle$b Robert$01430442 701 $aWarnotte$b Pauline$01430443 701 $aColette$b Nathalie$01430444 801 0$bFR-FrMaCLE 906 $aBOOK 912 $a9910495683003321 996 $aLa psychologie du combattant et le respect du droit des conflits armés$93570198 997 $aUNINA